| 000 | 01135nam0a2200301 4500 | ||
|---|---|---|---|
| 001 | RU\NLR\bibl\1296562 | ||
| 005 | 20250615145851.0 | ||
| 010 |
_a976-5-903748-05-1 _950 |
||
| 021 |
_aRU _b2008-74978 _94318 |
||
| 035 | _a(NLR Aleph) 001282181 | ||
| 090 |
_a506031 _c506031 |
||
| 100 | _a20081120d2008 |||y0rusy50 ca | ||
| 101 | 0 | _arus | |
| 102 | _aRU | ||
| 105 | _ay ||||||||| | ||
| 200 | 1 |
_aХочу в милиции служить. Твой выбор профессии _fСветлана Полевая |
|
| 210 |
_aПолярный _cОпимах _d2008 |
||
| 215 |
_a55 с. _d21 |
||
| 300 | _aНа 4-й с. обл. авт.: С.Б. Полевая - подполк. милиции | ||
| 517 | 0 | _aТвой выбор профессии | |
| 606 | 1 |
_aОрганы внутренних дел _xКадры _xПодготовка _yРоссийская Федерация _92084544 _3RU\NLR\auth\661260632 |
|
| 686 | _aХ621.163.01 | ||
| 700 | 1 |
_aПолевая _bС. Б. _gСветлана Борисовна _4070 |
|
| 801 | 0 |
_aRU _bNLR _c20081120 _gRCR |
|
| 801 | 1 |
_aRU _bNLR _c20081120 |
|
| 942 | _cBOOK | ||
| 980 | _aNB | ||